Actors who worked with Tim Burton - Statistics

General Stats
  • This quiz has been taken 148 times
    88 since last reset
  • The average score is 27 of 121
Answer Stats
Films Answer % Correct
Edward Scissorhands, Charlie and the Chocolate Factory, Corpse Bride, Alice in Wonderland, Sweeney Todd: The Demon Barber of Fleet Street, Sleepy Hollow, Dark Shadows, Ed Wood Johnny Depp
92%
Edward Scissorhands, Corpse Bride, Alice in Wonderland, Big Fish, Sweeney Todd: The Demon Barber of Fleet Street, Dark Shadows, Planet of the Apes Helena Bonham Carter
87%
Beetlejuice, Beetlejuice Beetlejuice, Batman, Batman Returns, Dumbo Michael Keaton
81%
Edward Scissorhands, Beetlejuice, Beetlejuice Beetlejuice, Frankenweenie Winona Ryder
75%
Beetlejuice Beetlejuice, Big Fish, Batman Returns, Mars Attacks!, Dumbo Danny DeVito
64%
Batman, Mars Attacks! Jack Nicholson
60%
Batman Returns, Dark Shadows Michelle Pfeiffer
53%
Sleepy Hollow Christina Ricci
47%
Big Fish Ewan McGregor
47%
Beetlejuice Alec Baldwin
45%
Miss Peregrine's Home for Peculiar Children, Dark Shadows, Dumbo Eva Green
45%
Planet of the Apes Mark Wahlberg
45%
Beetlejuice, Beetlejuice Beetlejuice, Frankenweenie Catherine O'Hara
43%
Beetlejuice Geena Davis
43%
Beetlejuice Beetlejuice Jenna Ortega
43%
Beetlejuice | Sleepy Hollow, Ed Wood Jeffrey Jones
42%
Alice in Wonderland Anne Hathaway
40%
Alice in Wonderland, Sweeney Todd: The Demon Barber of Fleet Street Alan Rickman
38%
Edward Scissorhands, Corpse Bride, Alice in Wonderland, Sleepy Hollow, Dark Shadows, Frankenweenie Christopher Lee
38%
Batman Returns, Sleepy Hollow Christopher Walken
38%
Planet of the Apes Tim Roth
38%
Batman Kim Basinger
36%
Mars Attacks!, Ed Wood Sarah Jessica Parker
36%
Batman Billy Dee Williams
34%
Mars Attacks! Jack Black
32%
Miss Peregrine's Home for Peculiar Children Milo Parker
32%
Mars Attacks! Natalie Portman
32%
Dumbo Nico Parker
32%
Mars Attacks! Pierce Brosnan
32%
Big Eyes Amy Adams
30%
Miss Peregrine's Home for Peculiar Children Samuel L. Jackson
30%
Dark Shadows Chloe Grace Moretz
28%
Big Eyes Christoph Waltz
28%
Dumbo Colin Farrell
28%
Mars Attacks! Glenn Close
28%
Batman, Batman Returns, Sleepy Hollow Michael Gough
28%
Mars Attacks! Michael J. Fox
28%
Corpse Bride, Big Fish Albert Finney
26%
Edward Scissorhands James Fox
26%
Frankenweenie, Ed Wood Martin Landau
26%
Mars Attacks! Annette Bening
25%
Pee-wee's Big Adventure Paul Reubens
25%
Alice in Wonderland, Sweeney Todd: The Demon Barber of Fleet Street Timothy Spall
25%
Big Fish Billy Crudup
23%
Mars Attacks! Lukas Haas
23%
Alice in Wonderland Mia Wasikowska
23%
Planet of the Apes Michael Clarke Duncan
23%
Sleepy Hollow Michael Gambon
23%
Miss Peregrine's Home for Peculiar Children Asa Butterfield
21%
Frankenweenie | Mars Attacks! Martin Short
21%
Sleepy Hollow Miranda Richardson
21%
Ed Wood Patricia Arquette
21%
Sweeney Todd: The Demon Barber of Fleet Street Sacha Baron Cohen
21%
Sleepy Hollow Casper van Dien
19%
Sleepy Hollow, Mars Attacks!, Ed Wood, Planet of the Apes Lisa Marie
19%
Planet of the Apes Paul Giamatti
19%
Edward Scissorhands Vincent Price
19%
Edward Scissorhands, Dumbo Alan Arkin
17%
Ed Wood Bill Murray
17%
Corpse Bride Emily Watson
17%
Sweeney Todd: The Demon Barber of Fleet Street Jamie Campbell Bower
17%
Batman Jerry Hall
17%
Big Fish Marion Cotillard
17%
Beetlejuice Beetlejuice Monica Bellucci
17%
Beetlejuice Beetlejuice Willem Dafoe
17%
Miss Peregrine's Home for Peculiar Children Allison Janney
15%
Edward Scissorhands Anthony Michael Hall
15%
Dark Shadows Hannah Murray
15%
Sleepy Hollow Ian McDiarmid
15%
Big Fish Jessica Lange
15%
Beetlejuice Beetlejuice Justin Theroux
15%
Alice in Wonderland Michael Sheen
15%
Big Fish Steve Buscemi
15%
Miss Peregrine's Home for Peculiar Children Ella Purnell
13%
Dark Shadows Jackie Earle Haley
13%
Miss Peregrine's Home for Peculiar Children Judi Dench
13%
Alice in Wonderland Matt Lucas
13%
Alice in Wonderland Stephen Fry
13%
Edward Scissorhands Dianne West
11%
Edward Scissorhands Freddie Highmore
11%
Corpse Bride Richard E. Grant
11%
Miss Peregrine's Home for Peculiar Children, Big Eyes Terence Stamp
11%
Planet of the Apes Charlton Heston
9%
Miss Peregrine's Home for Peculiar Children Chris O'Dowd
9%
Alice in Wonderland Crispin Glover
9%
Batman, Batman Returns Pat Hingle
9%
Sleepy Hollow Richard Griffiths
9%
Ed Wood Vincent D'Onofrio
9%
Big Fish Alison Lohman
8%
Edward Scissorhands Kathy Baker
8%
Planet of the Apes Kris Kristofferson
8%
Big Fish Miley Cyrus
8%
Edward Scissorhands, Big Fish Missi Pyle
8%
Corpse Bride Paul Whitehouse
8%
Edward Scissorhands David Kelly
6%
Edward Scissorhands, Corpse Bride, Big Fish, Planet of the Apes Deep Roy
6%
Big Eyes Jason Schwartzman
6%
Dark Shadows Jonny Lee Miller
6%
Alice in Wonderland Marton Csokas
6%
Ed Wood Mike Starr
6%
Miss Peregrine's Home for Peculiar Children Rupert Everett
6%
Frankenweenie Tom Kenny
6%
Corpse Bride Tracey Ullman
6%
Edward Scissorhands AnnaSophia Robb
4%
Frankenweenie Atticus Shaffer
4%
Frankenweenie Charlie Tahan
4%
Big Eyes Danny Huston
4%
Alice in Wonderland Frances de la Tour
4%
Edward Scissorhands Noah Taylor
4%
Frankenweenie Robert Capron
4%
Edward Scissorhands Robert Oliveri
4%
Pee-wee's Big Adventure Elizabeth Daily
2%
Miss Peregrine's Home for Peculiar Children Kim Dickens
2%
Dark Shadows Raffey Cassidy
2%
Edward Scissorhands Adam Godley
0%
Beetlejuice Beetlejuice Arthur Conti
0%
Beetlejuice Beetlejuice Burn Gorman
0%
Edward Scissorhands, Frankenweenie Conchata Ferrell
0%
Dumbo Lars Eidinger
0%
No matching quizzes found
Score Distribution
Percent of People with Each Score
Percentile by Number Answered
Your Score History
You have not taken this quiz since the last reset